000 02475cab a2200265 ab4500
005 20250811113852.0
008 991125c2018 sp fr p o 000 0 spa d
035 _aUPN01000235163
040 _aMX-MxUPN
_bspa
_cMX-MxUPN
_eaacr2
049 _aART-E
100 1 _aAlonso Ferreiro, Almudena
_6- almalonso@uvigo.es
245 1 0 _aAprendizaje basado en proyectos para el desarrollo de la competencia digital docente en la formación inicial del profesorado
_h[recurso electrónico en línea]
506 0 _aAcceso abierto
520 3 _aLa educación superior se enfrenta, en la actualidad, a nuevos desafíos y demandas sociales ineludibles, como mayor formación en competencias digitales y la necesidad de un cambio radical en los procesos educativos. En este contexto, se presenta una experiencia que indaga sobre las potencialidades del Aprendizaje Basado en Proyectos (ABP) como técnica didáctica para contribuir al desarrollo de la competencia digital docente en la formación inicial del profesorado del Grado de Educación Infantil de la Universidade de Santiago de Compostela. La propuesta adoptó el ABP como estrategia formativa donde los estudiantes debían elaborar colaborativamente un proyecto didáctico que integrara tareas con tecnologías digitales. Tras completar la experiencia se propone al alumnado una encuesta, voluntaria y anónima, para que valorasen el impacto de esta estrategia en su competencia digital docente. También se realizaron entrevistas a las maestras en ejercicio implicadas. Los resultados reportan una gran satisfacción del alumnado con la propuesta, especialmente con la posibilidad de implementar sus proyectos en las visitas a la escuela, lo que contribuye al desarrollo del componente didáctico de la competencia digital docente. El estudio pone de manifiesto la importancia de las metodologías activas en la formación inicial del profesorado, así como la necesaria colaboración entre escuela y universidad. RELATEC
650 4 _aAprendizaje basado en proyectos
_927842
653 0 _aCompetencias docentes
653 0 _aCompetencias digitales
653 0 _aFormación inicial docente
773 _gVol. 17, no. 1, (2018), p. 9-24
_tRELATEC : revista latinoamericana de tecnología educativa
_x1695-288X
856 4 _uhttps://relatec.unex.es/index.php/relatec/article/view/3199
856 4 _uhttps://doi.org/10.17398/1695-288X.17.1.9
902 _aLeonor Sotres/110825
905 _aArticulo
942 _cART-E
999 _c207258
_d207258